000 00969cam a2200301 a 4500
001 34243516
003 PILC
005 20150112093435.0
008 960212s1997 njuab b 001 0 eng
010 _a96001649
020 _a0132435101 (case)
020 _a0132613638 (International ed.)
040 _aDLC
_cDLC
_dUBA
_dHNK
049 _aHNKA
050 0 0 _aHF 5415.13
_b.K87 1997
082 0 0 _aMkSF 658.8
_bK84 1997
100 1 _aKotler, Philip.
_912863
245 1 0 _aMarketing management :
_banalysis, planning, implementation, and control /
_cPhilip Kotler.
250 _a9th ed.
260 _aUpper Saddle River, NJ :
_bPrentice Hall,
_c1997.
300 _a789 pages :
_bill. (chiefly col.), col. maps ;
_c27 cm.
440 0 _aPrentice-Hall international series in marketing.
_915876
504 _aIncludes bibliographical references and indexes.
650 0 _aMarketing
_xManagement.
_915877
910 _ayuk
942 _2lcc
_cBK
948 _a.b7201205
999 _c14545
_d14545